مكتبة جامعة عجلون الوطنية

فهرس بحث المكتبة

Normal view MARC view
  • الماضي، شكري عزيز وآخرون؛ تقديم غسان اسماعيل هبد الخالق

Entry Personal Name

Number of records used in: 1

001 - CONTROL NUMBER

  • control field: 63611

003 - CONTROL NUMBER IDENTIFIER

  • control field: JO-AjAnu

005 - DATE AND TIME OF LATEST TRANSACTION

  • control field: 20230606084400.0

008 - FIXED-LENGTH DATA ELEMENTS

  • fixed length control field: 230606|| aca||aabn | a|a d

040 ## - CATALOGING SOURCE

  • Original cataloging agency: JO-AjAnu
  • Transcribing agency: JO-AjAnu

100 ## - HEADING--PERSONAL NAME

  • Personal name: الماضي، شكري عزيز وآخرون؛ تقديم غسان اسماعيل هبد الخالق

670 ## - SOURCE DATA FOUND

  • Source citation: Work cat.: (JO-AjAnu)32432: الماضي، شكري عزيز وآخرون؛ تقديم غسان اسماعيل هبد الخالق, author, هند ابو الشعر .. اديبة ومؤرخة وموثقة